000 00833nam a22002177a 4500
003 0
005 20241004100509.0
008 241004b xxu||||| |||| 00| 0 eng d
020 _a9780593327739
050 _aBF 575
_b.C521 2021
100 _aChernoff, Marc,
_eauthor.
245 _a1000+ little habits of happy, successful relationships /
_cMarc and Angel Chernoff.
260 _aNew York :
_bA TarcherPerigee Book,
_c2021.
300 _axvi, 331 p. ;
_c22 cm.
520 _a"New York Times bestselling authors Marc and Angel Chernoff deliver inspiring, actionable advice for keeping relationships strong--for couples, parents, friends, and more"-- Provided by publisher.
650 _aSelf-acceptance.
650 _aFamilies.
650 _aInterpersonal relations.
700 _aChernoff, Angel,
_eauthor.
942 _2lcc
_cBK
999 _c366451
_d366451